000 01233nam0a2200301 4500
001 RU\NLR\ONL2\17901
005 20260408205636.0
035 _a(NLR Aleph) 009665486
090 _a13543357
_c13543357
100 _a20100607d1953 u y0rusy50 ca
101 0 _aaze
102 _aAZ
105 _ay |||||||||
200 1 _aДил вә әдәбиjjат тәдриси hаггында
_e(муэллим тэчрубэсиндэн)
_fАзэрб. муэллимлэри тэкмиллэшдирмэ ин-ту
210 _aБакы
_cБирлэшмиш нэшр.
_d1953
215 _a28 с.
_d20
541 1 _aО преподавании языка и литературы
_e(из опыта учителя)
_zrus
606 0 _aАзербайджанская литература
_xПреподавание
_xСредняя школа
_92176188
_3RU\NLR\auth-onl\66423
606 _aАзербайджанский язык
_xПреподавание
_xСредняя школа
_92175956
_3RU\NLR\auth-onl\66323
686 1 _aЧ426.151
686 1 _aЧ426.21
801 0 _aRU
_bNLR
_c20100706
_gPSBO
852 _aNLR
_bОНЛ
_jАзерб./2-6871
942 _cBOOK
980 _aONL_RF
980 _aNB